Is it really mommie dearest? : doughter-mother narratives in young adult fiction
Αποθηκεύτηκε σε:
| Κύριος συγγραφέας: | |
|---|---|
| Μορφή: | Βιβλίο |
| Γλώσσα: | English |
| Δημοσίευση: |
Lanham :
The Scarecrow Press,
2000
|
| Θέματα: | |
| Ετικέτες: |
Προσθήκη ετικέτας
Δεν υπάρχουν, Καταχωρήστε ετικέτα πρώτοι!
|
MARC
| LEADER | 00000nam a2200000 i 4500 | ||
|---|---|---|---|
| 001 | 1/64248 | ||
| 008 | 041029s2000 eng d | ||
| 020 | |a 0-8108-3692-0 | ||
| 035 | |l 10074973 | ||
| 040 | |a GR-MY-UA |b gre |e aacr | ||
| 041 | 0 | |a eng | |
| 082 | 0 | |a 813.00935 | |
| 100 | 1 | |a Crew, Hilary S. |d 1942- | |
| 245 | 1 | 0 | |a Is it really mommie dearest? : |b doughter-mother narratives in young adult fiction / |c Hilary S. Crew |
| 260 | |a Lanham : |b The Scarecrow Press, |c 2000 | ||
| 300 | |a 285 p. | ||
| 504 | |a Includes bibliographical references and index | ||
| 650 | 0 | 0 | |a Young adult fiction, American |x History and criticism. |
| 650 | 0 | 0 | |a Mothers and daughters in literature. |
| 650 | 0 | 0 | |a Domestic fiction, American |x History and criticism. |
| 650 | 0 | 0 | |a Teenage girls in literature. |
| 650 | 0 | 0 | |a Motherhood in literature. |
| 852 | |a INST |b RHODES |e 20041029 |h 813.00935 CRE |p 005400018254 |q 005400018254 |t BK |y 0 | ||
| 901 | |a BIBL4-2004-3 | ||
| 909 | |a Ρ |b 115137 | ||
| 922 | |a 4ΕΛΗ |b 200410 |c ΕΠΕΑΕΚ2/ΠΤΔΕ |d ΜΙΧΑΛΟΠΟΥΛΟΣ | ||
| 950 | |a 095-2004-06-16 | ||
| 970 | |a ΚΟΥΛΑΚΙΟΤΗ |b ΛΙΤΣΑ |z 2004/10/29 | ||